[Event "SVK-ch"]
[Site "Kaskady"]
[Date "2002.07.04"]
[Round "8"]
[White "Priehoda, Vitezslav"]
[Black "Sutovsky, Emil"]
[Result "0-1"]
[WhiteElo "2425"]
[BlackElo "2660"]
[Annotator "Ftacnik,L"]
[PlyCount "42"]
[EventDate "2002.06.27"]
[EventType "tourn"]
[EventRounds "11"]
[EventCountry "SVK"]
[EventCategory "12"]
[SourceTitle "CBM 090"]
[Source "ChessBase"]
[SourceDate "2002.09.20"]
[SourceVersion "1"]
[SourceVersionDate "2002.09.20"]
[SourceQuality "1"]

1. d4 Nf6 2. c4 g6 3. Nc3 d5 4. Nf3 Bg7 5. cxd5 Nxd5 6. Bd2 O-O 7. Rc1 Nb6 8.
Bg5 h6 9. Bh4 g5 10. Bg3 c5 11. Nb5 (11. dxc5 Bxc3+ 12. Rxc3 (12. bxc3 Qxd1+
13. Rxd1 Na4 14. Be5 f6 15. Bxb8 Rxb8 16. e3 Nxc5 17. Bc4+ Be6 18. Bxe6+ Nxe6
19. Nd4 Ng7 20. Ke2 Rfc8 {0-1 Liebert,H-Szabo,L/Luhacovice 1971/ (46)}) 12...
Qxd1+ 13. Kxd1 Na4 14. Ra3 (14. Rc2 Bf5 15. Rd2 Nc6 16. Ne5 (16. e3 Nxc5 17.
Bb5 Ne4 18. Bxc6 bxc6 19. Re2 Rfd8+ 20. Kc1 Nc5 21. Ne1 Rd5 {0-1 Hoi,C-Schmidt,
W/La Valetta 1980/ (32)}) 16... Rfd8 17. Nxc6 bxc6 18. Rxd8+ Rxd8+ 19. Kc1 Rd5
20. b4 Nc3 21. Kb2 Ne4 22. Kc1 a5 23. a3 axb4 24. axb4 Rd4 25. f3 Rc4+ 26. Kd1
Nxg3 27. hxg3 Rxb4 28. e4 Be6 29. Bd3 {1/2-1/2 Vladimirov,E-Schmidt,W/Halle
1976/ (76)}) (14. Re3 Nxc5 15. Bxb8 Rxb8 16. Rxe7 Rd8+ 17. Kc1 Bf5 18. Rc7 Na6
19. Rc4 b5 20. e4 bxc4 21. exf5 Rbc8 22. h4 g4 23. Ne5 Rd4 24. Kc2 Re4 25. f4
Nb4+ {0-1 Lakunza,J-Tukmakov,V/Oviedo 1991/ (31)}) 14... Nxc5 15. e3 Rd8+ 16.
Ke1 Nc6 17. Bc7 Rd7 18. Bb6 Na6 19. Bxa6 axb6 20. Bc4 Rxa3 21. bxa3 {1/2-1/2
Bronstein,D-Kortschnoj,V/Leningrad 1970/ (21)}) (11. e3 cxd4 (11... Nc6 12. d5
(12. dxc5 Bxc3+ 13. bxc3 Qxd1+ 14. Rxd1 Na4 15. Rc1 (15. Bc4 Nb2 16. Bb3 Nxd1
17. Kxd1 Kg7 18. Kc1 Bg4 19. h4 Bxf3 20. gxf3 Rac8 21. hxg5 hxg5 22. Rg1 Na5 {
0-1 Szabo,L-Pinter,J/Budapest 1975/ (34)}) 15... Nxc5 (15... Be6 16. Nd4 Bxa2
17. Ra1 Nxd4 18. cxd4 Nc3 19. Bd3 b5 20. Bxb5 Bd5 21. Bd3 Bxg2 22. Rg1 {
1-0 Popov,L-Navarovszky,L/Polanica Zdroj 1976/ (44)}) 16. Nd4 Ne4 17. Nxc6 bxc6
18. Bc4 Nxg3 19. hxg3 Kg7 20. O-O Rb8 21. Rfd1 Rb2 22. Rb1 Rc2 23. Rbc1 Rd8 24.
Rxc2 Rxd1+ 25. Kh2 Kf6 {0-1 Schmidt,W-Ribli,Z/Wijk aan Zee 1972/ (40)}) 12...
Bxc3+ 13. Rxc3 Qxd5 14. Qxd5 Nxd5 15. Rxc5 Be6 16. Bb5 Rac8 17. Bxc6 Rxc6 18.
Rxc6 bxc6 19. O-O c5 20. Rc1 Rc8 21. h4 f6 22. hxg5 hxg5 23. a3 a5 24. Nd2 Nb6
25. Kf1 c4 {0-1 Bukic,E-Ribli,Z/Bucharest 1971/ (34)}) (11... g4 12. Ne5 cxd4
13. exd4 Nc6 14. Nxc6 bxc6 15. Be5 Bxe5 16. dxe5 Qxd1+ 17. Nxd1 Be6 18. Ne3 Nd7
19. Bc4 Nxe5 20. Bxe6 fxe6 21. Ke2 {1/2-1/2 Lengyel,L-Ribli,Z/Hungary 1975/ 
(79)}) 12. Nxd4 Nc6 13. Nxc6 Qxd1+ 14. Nxd1 bxc6 15. h4 g4 16. e4 Bb7 (16...
Be6 17. Ba6 Rad8 18. b3 Rd4 19. f3 gxf3 20. gxf3 Bc8 21. Be2 Bb7 22. Rg1 Kh8
23. Ne3 e6 24. Ng4 {1-0 Langeweg,K-Portisch,L/Amsterdam 1971/ (49)}) 17. Ne3
Bxb2 18. Rc2 Ba3 19. Nxg4 Bb4+ 20. Ke2 Kh7 21. f3 Rad8 22. Be1 c5 23. Kf2 Bc8
24. Ne5 {1/2-1/2 Najdorf,M-Portisch,L/Siegen 1970/ (83)}) (11. d5 e6 12. dxe6
Qxd1+ 13. Rxd1 Bxe6 14. e3 N8d7 15. Bb5 {1/2-1/2 Popov,L-Pytel,K/Zemun 1980/ 
(15)}) 11... cxd4 (11... Na6 12. e3 cxd4 13. Nfxd4 e5 14. Nf3 Qe7 15. Qd6 {
1/2-1/2 Lazarev,V-Barbeau,S/Montreal/2002/ (15)}) 12. Nfxd4 $6 {[%mdl 32]
White's kingside is critically underdeveloped, so this ambitious move is
unsound. Black is well prepared to punish the opponent for his unfounded
courage.} (12. Nbxd4 Nc6 13. Nxc6 Qxd1+ 14. Rxd1 bxc6 15. Be5 Be6 16. Bxg7 Kxg7
17. b3 a5 18. h4 g4 19. Nd4 a4 20. e4 axb3 21. axb3 Ra2 22. Be2 c5 23. Nf5+
Bxf5 24. exf5 h5 25. f3 {1/2-1/2 Priehoda,V-Rotstein,A/Wattens 2000/ (43)})
12... a6 $1 (12... Nc6 13. Nxc6 (13. e3 Nxd4 14. exd4 Nd5 15. h4 $13) 13...
Qxd1+ 14. Kxd1 bxc6 15. Nc3 f5 $15) 13. Bc7 (13. Nc7 Bxd4 14. Nxa8 (14. e3 Bxb2
15. Qxd8 Rxd8 16. Rc2 Ba3 17. Nxa8 Bf5 18. Nxb6 Bb4+ 19. Ke2 Bxc2 $19) 14...
Nxa8 15. e3 (15. Bxb8 Qa5+ 16. Qd2 Bxf2+ 17. Kd1 Rd8 $19) 15... Qa5+ 16. Qd2
Qxd2+ 17. Kxd2 Ba7 $17) 13... Qd5 $1 (13... Qd7 14. Bxb6 axb5 15. e3 Rxa2 16.
Qb3 $14) 14. Bxb6 axb5 15. e3 (15. Nf3 Qxd1+ 16. Kxd1 Bxb2 17. Rc7 Rxa2 $19)
15... Rxa2 (15... Nd7 16. Bc7 Rxa2 17. h4 $1 $15) 16. Rc5 Qd6 (16... Qe4 17.
Rxb5 Bd7 18. Rb4 Na6 19. Bxa6 Qxg2 20. Bxb7 Qxb7 $17) 17. Rxb5 (17. Nf5 Qxb6
18. Nxe7+ Kh8 19. Rxc8 Rxc8 20. Nxc8 Qc7 $19) 17... Bd7 {It becomes clear,
that white is too overstretched and his pieces very loose.} 18. Bc5 (18. Rb3
Ba4 $19) 18... Qd5 19. Qb3 Ra1+ (19... Qxb3 20. Rxb3 Na6 21. Ba3 b5 22. h4 $15)
20. Kd2 Qe5 21. Nf3 (21. Rxb7 Qxc5 22. Rxb8 Qa5+ 23. Kd3 Bxd4 24. Rxf8+ Kxf8
$19) 21... Qc7 0-1

[Event "FIDE Chess.com Grand Swiss"]
[Site "Douglas"]
[Date "2019.10.11"]
[Round "2"]
[White "Sargissian, Gabriel"]
[Black "Hansen, Eric"]
[Result "1-0"]
[WhiteElo "2690"]
[BlackElo "2611"]
[Annotator "Ftacnik,L"]
[PlyCount "55"]
[EventDate "2019.10.10"]
[EventType "swiss"]
[EventRounds "11"]
[EventCountry "IOM"]
[SourceTitle "CBM 193 Extra"]
[Source "ChessBase"]
[SourceDate "2020.01.31"]
[SourceVersion "1"]
[SourceVersionDate "2020.01.31"]
[SourceQuality "1"]

{[%evp 0,55,40,28,19,-16,43,45,35,37,70,10,58,51,50,-18,45,18,4,5,19,14,19,6,
12,6,19,20,20,30,41,20,-29,0,0,0,0,0,0,0,0,0,0,0,0,0,0,0,0,0,35,56,56,56,174,
112,397,456]} 1. d4 Nf6 2. c4 g6 3. Nf3 Bg7 4. Nc3 d5 5. h4 {The Gruenfeld
defence has excellent reputation, it is next to impossible to beat Black in
any line out of the opening. No wonder White players are ready to move
mountains in order to create some chances. 5.h4 is trying to activate h1 rook
against the short castling of black king.} dxc4 6. e4 c5 7. d5 O-O 8. Bxc4 b5
$5 {This sharp line with the immediate thrust against the center is completely
dominating in this position. White has not castled yet and this fact opens
scope for counterplay.} 9. Bxb5 Nxe4 10. Nxe4 Qa5+ 11. Nc3 Bxc3+ 12. bxc3 Qxb5
13. h5 Qc4 14. hxg6 fxg6 15. Rh4 Bg4 $6 $146 {[%mdl 8] Life is not exactly
sweet for Black after the virtually forced move 15...Qxc3+, but the position
remains roughly balanced. Black's novelty is clever, but White manages to
refute it over the board.} (15... Qxc3+ $1 16. Bd2 Qd3 17. Bh6 (17. Bg5 Qxd1+
18. Rxd1 Rf5 (18... e6 19. d6 Nd7 20. Be3 Rf5 21. Ng5 Nf6 22. Rc1 Rd5 23. Rxc5
Rxd6 24. Bd4 {1-0 (54) Akobian,V (2632)-Chirila,I (2521) Dallas 2014} Nd7 $11)
19. Re4 Bb7 20. Rxe7 Bxd5 21. Re8+ Kf7 22. Re7+ Kg8 23. Re8+ Kf7 24. Re7+ Kg8 {
1/2-1/2 (24) Edouard,R (2634)-Istratescu,A (2619) Saint-Quentin 2015}) 17...
Qxd1+ 18. Rxd1 Re8 19. Ng5 Nd7 20. Ne6 Rb8 21. Nc7 Rd8 22. Ne6 Re8 23. Nc7 Rd8
24. Re4 Rb7 25. d6 exd6 26. Ne8 Rb4 $11 {1-0 (36) Riazantsev,A (2651)-Kokarev,
D (2636) Novosibirsk 2016}) 16. Nd2 $1 Qxc3 $2 {If Black's novelty still could
charitably be named "dubious", this insanely brave move is unfortunately
losing.} (16... Bxd1 17. Nxc4 Ba4 18. Bg5 Rf5 19. Bxe7 Rxd5 20. Ne3 Rd7 21. Bg5
Bc6 22. Ng4 $1 Rd6 23. Nf6+ Rxf6 24. Bxf6 Nd7 25. Bg5 Bxg2 26. O-O-O $16) 17.
Qxg4 Qxa1 18. Qe6+ Kh8 {Hansen was facing a truly depressing choice of the
least bad continuation. All the lines are hopeless, so it became a matter of
taste...} (18... Rf7 19. Rf4 Qg7 20. Bb2 Qf8 21. Ne4 Nd7 22. Rxf7 Qxf7 23. Qxd7
Rb8 24. Bc3 $18) (18... Kg7 19. Nb3 Qc3+ 20. Bd2 Qf6 21. Bh6+ Kh8 22. Bxf8 Qxf8
23. Nxc5 $18 {A very symptomatic position, since despite the material balance
Black is completely lost as his pieces are not playing at all.}) 19. Qxe7 $1
Qxc1+ 20. Ke2 Rxf2+ 21. Kxf2 Qxd2+ 22. Kg1 h5 {Yet another rotten moment for
the defender when both moves are unable to repair the damage.} (22... h6 23.
Qf6+ Kh7 24. Kh2 Nd7 25. Qf7+ Kh8 26. Qxg6 $18) 23. Qf8+ Kh7 24. Re4 $6 {
It is more than human to lose part of the concentration in winning positions.
Sargissian is a very strong GM, but even he fails to find the effortless win
with 24.Rf4!.} (24. Rf4 $1 Qxf4 25. Qxf4 Na6 26. d6 $18) 24... Nc6 25. Qxa8
Qxd5 26. Qe8 $1 {Not every player is aware of the priviledged importance of
the central d- and e-files. Despite the nominal material balance, the black
king is very weak and endgames tend to be simply hopeless.} c4 (26... Kg7 27.
Qe6 Qxe6 28. Rxe6 Nb4 29. a3 Kf7 30. Rd6 Nc2 31. Ra6 c4 32. Kf2 c3 33. a4 $18)
27. Qe6 Qc5+ (27... Qxe6 28. Rxe6 Nb4 29. a3 Nd3 30. Re7+ Kg8 31. Rxa7 $18) 28.
Kh1 {The combined threats against the king and the c4 pawn render the
situation hopeless for Black.} (28. Kh1 c3 (28... Nd4 29. Qf7+ Kh6 30. Qf4+ Kh7
31. Rxd4 $18) 29. Qf7+ Kh6 30. Re6 Qg5 31. Qf8+ Kh7 32. Rxc6 $18) 1-0

[Event "HUN-ch 54th"]
[Site "Budapest"]
[Date "2004.08.20"]
[Round "2"]
[White "Horvath, Csaba"]
[Black "Flumbort, Andras"]
[Result "1-0"]
[WhiteElo "2546"]
[BlackElo "2493"]
[Annotator "Ftacnik,L"]
[PlyCount "73"]
[EventDate "2004.08.19"]
[EventType "tourn"]
[EventRounds "9"]
[EventCountry "HUN"]
[EventCategory "13"]
[SourceTitle "CBM 103"]
[Source "ChessBase"]
[SourceDate "2004.11.11"]
[SourceVersion "1"]
[SourceVersionDate "2004.11.11"]
[SourceQuality "1"]

1. d4 Nf6 2. c4 g6 3. Nc3 d5 4. Nf3 Bg7 5. Qa4+ Bd7 6. Qb3 dxc4 7. Qxc4 O-O 8.
Bf4 Na6 9. e4 (9. Rd1 c5 10. dxc5 Qa5 11. e4 Rac8 12. e5 Rxc5 13. exf6 Rxc4 14.
fxg7 Re4+ 15. Be3 Rd8 16. Bxa6 bxa6 17. Rd5 Rxe3+ 18. fxe3 Bb5 19. Rxd8+ Qxd8 {
0-1 Ermenkov,E-Orev,P/Bulgaria 1973/ (42)}) (9. e3 c5 10. Qb3 Be6 11. Bc4 cxd4
12. exd4 Bxc4 13. Qxc4 Qb6 14. O-O e6 15. Be5 Rfc8 16. Qe2 Nb4 17. Rfe1 {
1/2-1/2 Bogdanov,V-Vrenegoor,T/Paris 1995/ (17)}) 9... c5 10. e5 (10. d5 Qa5 (
10... b5 11. Qe2 c4 12. e5 Nh5 13. Bd2 Nb4 14. O-O-O Nd3+ 15. Kb1 Bf5 16. Ka1
b4 17. Nb5 Qa5 18. Nfd4 a6 19. Nc6 {0-1 Popov,R-Pavlov,O/Novosibirsk 2002/ (19)
}) (10... e6 11. Be2 exd5 12. exd5 Re8 13. Be5 Qb6 14. O-O Nh5 15. Bxg7 Nxg7
16. Qf4 Qb4 17. Qd6 Bg4 18. Bxa6 Bxf3 19. Bd3 Qxb2 20. Rac1 Qd2 21. Bb5 Nf5 {
0-1 Solomunovic,I-Saric,I/Pula 2004/ (37)}) 11. Bd2 Qb4 12. Rc1 Qxc4 13. Bxc4
b5 14. Be2 c4 15. e5 Ng4 16. Bf4 Nc5 17. h3 Nh6 18. O-O a6 19. g4 Rac8 20. Rfd1
{1-0 Javakhishvili,L-Melia,S/Batumi 2001/ (68)}) 10... Be6 $6 {The smart move
5.Qa4+ has messed up the situation, since it excluded some standard variations.
Flumbort is taking a gamble with attack on the queen, since in similar
situations she get's sacrificed for three pieces.} (10... Nh5 11. Be3 cxd4 12.
Qxd4 Bc6 13. Be2 Qa5 14. O-O Bxf3 15. Bxf3 Bxe5 16. Qd5 Qxd5 17. Nxd5 Rfe8 18.
Rac1 e6 19. Nc3 Re7 20. a3 Bf4 21. Bxh5 Bxe3 22. fxe3 gxh5 {1/2-1/2 Sokolov,
I-Van Wely,L/Belgium 2003/ (37)}) 11. exf6 Bxc4 12. fxg7 Bxf1 $6 {[%mdl 1024]
For some strange reason black is ready to enhance white's material advantage.
The compensation for the missing material is not present, so the operation is
at best dubious.} (12... Kxg7 13. Bxc4 cxd4 14. Rd1 Qb6 15. Be5+ f6 16. Bxd4
Qxb2 17. O-O Rac8 18. Rb1 $36) 13. gxf8=Q+ Qxf8 (13... Kxf8 14. Rxf1 cxd4 15.
O-O-O d3 16. Ne1 $16) 14. Kxf1 cxd4 15. Nxd4 Qc8 (15... Rd8 16. Ndb5 e6 17. Be3
$16) 16. Nde2 (16. Rd1 Nb4 17. Nde2 $16) 16... Qf5 17. Rd1 e5 18. Be3 Nb4 19.
h4 $1 (19. a3 Nc2 20. Nd5 Nxe3+ 21. Nxe3 Qe6 22. Nc3 $16) 19... Qe6 20. b3 Nc2
21. Rh3 {Horvath has to be patient, sometimes it takes time to show the real
weight of the material.} Rc8 22. Kg1 f5 (22... b6 23. Rd2 Nxe3 24. Rxe3 $16)
23. Bxa7 Qa6 (23... Nb4 24. Be3 f4 25. Bc1 $18) 24. Be3 b5 25. Nd5 Kf7 26. h5
f4 (26... Nxe3 27. hxg6+ hxg6 28. fxe3 Kg7 29. Nec3 $18) (26... gxh5 27. Bb6
Qxa2 28. Rxh5 $18) 27. hxg6+ (27. Bb6 g5 28. Rhd3 $18) 27... Qxg6 (27... hxg6
28. Rh7+ Kf8 29. Bb6 $18) 28. Nexf4 $1 {The countersacrifice of the piece is
laudable, as it fully exploits the attacking potential of coordinated white's
pieces.} exf4 29. Nxf4 Qf5 (29... Nxe3 30. Nxg6 Nxd1 31. Ne5+ Kf6 32. Nd7+ Kg7
33. Rg3+ Kh6 34. Ne5 $18) 30. Rd5 Qf6 (30... Nxe3 31. Rxf5+ Nxf5 32. Rxh7+ $18)
31. Rd7+ (31. Rxb5 Nxe3 32. Rb7+ Kg8 33. fxe3 $18) 31... Kg8 (31... Ke8 32.
Rdxh7 Nxe3 33. Rxe3+ $18) 32. Nd5 Qa1+ 33. Kh2 Nxe3 (33... Ra8 34. Rg3+ Kh8 35.
Bg5 $18) 34. Rxe3 Rf8 35. f4 Qb2 36. Rh3 Rf7 (36... Qa1 37. Rhxh7 Rd8 38. Rhg7+
Kh8 (38... Qxg7 39. Rxd8+ Kh7 40. Rd7 Qxd7 41. Nf6+ $18) 39. a3 Rxd7 40. Rxd7
$18) 37. Rg3+ (37. Rg3+ Kf8 38. Rd8#) 1-0

[Event "Olympiad-40"]
[Site "Istanbul"]
[Date "2012.09.04"]
[Round "7.2"]
[White "Fressinet, Laurent"]
[Black "Sutovsky, Emil"]
[Result "0-1"]
[WhiteElo "2714"]
[BlackElo "2687"]
[Annotator "Ftacnik,L"]
[PlyCount "74"]
[EventDate "2012.08.28"]
[EventType "team-swiss"]
[EventRounds "11"]
[EventCountry "TUR"]
[SourceTitle "CBM 151"]
[Source "ChessBase"]
[SourceDate "2012.11.13"]
[SourceVersion "1"]
[SourceVersionDate "2012.11.13"]
[SourceQuality "1"]
[WhiteTeam "France"]
[BlackTeam "Israel"]
[WhiteTeamCountry "FRA"]
[BlackTeamCountry "ISR"]

1. Nf3 Nf6 2. c4 g6 3. Nc3 d5 {Sutovsky is one of the greatest experts in the
Grünfeld Defence. He does not hesitate to use same motifs even for this
position, in which White has avoided playing d4.} 4. cxd5 Nxd5 5. Qb3 Nb6 6. d4
Bg7 7. e4 Bg4 8. Bb5+ {Black has decided to attack the pawn centre of the
opponent with the help of pressure from both bishops. The theory in this
relatively unknown variation has been developed in the recent years. Fressinet
is well prepared and he flies straight into the sharp theoretical discussion.}
(8. a4 Bxf3 9. gxf3 Nc6 10. d5 Nd4 11. Qd1 O-O 12. a5 Nd7 13. Be3 c5 14. dxc6
Nxc6 15. Bb5 a6 16. Bxc6 bxc6 17. Qe2 Ne5 18. Rd1 Qc8 19. f4 Ng4 20. Bc5 $11 {
1/2-1/2 Ivanchuk,V (2714)-Svidler,P (2713)/Warsaw 1999 (38)}) (8. Be3 Bxf3 (
8... O-O 9. Rd1 a5 (9... Nc6 10. d5 Ne5 11. Be2 Nxf3+ 12. gxf3 Bh5 13. Rg1 Qc8
14. Rg3 c6 15. a4 Nd7 16. a5 Ne5 17. Rc1 Kh8 18. a6 bxa6 19. Qa4 Rb8 $11 {
0-1 Buhmann,R (2569)-Areshchenko,A (2650)/Plovdiv 2008 (68)}) 10. Be2 a4 11.
Qc2 Nc6 12. Ne5 Nxe5 13. dxe5 Qc8 14. f3 Be6 15. f4 Nc4 16. Bf2 c6 17. O-O b5
18. Bc5 Qc7 19. Kh1 b4 20. Nxa4 Rxa4 21. Bxc4 Bxc4 22. Qxc4 $16 {1-0 Piket,J 
(2619)-Sutovsky,E (2612)/Internet 1999 (28)}) 9. gxf3 Bxd4 10. O-O-O (10. Rd1
e5 11. h4 Qe7 12. h5 Nc6 13. hxg6 fxg6 14. Bh3 a6 15. Ke2 Na5 16. Qc2 O-O 17.
Nd5 Qf7 18. Qxc7 Nxd5 19. Qxf7+ Rxf7 20. exd5 Bxe3 21. fxe3 Kg7 22. Rc1 $16 {
1-0 Lu,S (2514)-Wang Yue (2702)/Xinghua 2012 (40)}) 10... e5 11. h4 Bxe3+ 12.
fxe3 Qf6 13. h5 g5 14. f4 exf4 15. Nd5 Nxd5 16. Rxd5 Nc6 17. Rg1 h6 18. Bc4 Ne7
19. Rdd1 O-O 20. Rdf1 $11 {0-1 Fressinet,L (2707)-So,W (2673)/Wijk aan Zee
2011 (42)}) (8. d5 Bxf3 9. gxf3 c6 10. Be3 O-O 11. Rd1 cxd5 12. Nxd5 (12. exd5
Na6 13. h4 Qd6 14. h5 Qb4 15. hxg6 fxg6 16. Bxa6 Qxb3 17. axb3 bxa6 18. Ke2
Rfd8 19. Rd3 Rab8 $11 {1-0 Buhmann,R (2581)-Van der Weide,K (2502)/Dresden
2007 (58)}) 12... Nxd5 13. Rxd5 Qc7 14. Be2 Nc6 15. O-O e6 16. Rd3 Be5 17. h3
Bf4 18. Bc5 Rfc8 19. Rfd1 Qe5 20. Bd6 Qg5+ 21. Kh1 Ne5 $15 {0-1 Romanishin,O 
(2560)-Kortschnoj,V (2670)/Tbilisi 1976 (54)}) 8... c6 9. Ng5 O-O 10. Be2 Bxe2
{The exchange of the light squared bishops is not fully in Black's interest,
but the retreat to the c8 square makes an absurd impression.} (10... Bc8 11. h4
c5 12. dxc5 N6d7 13. Be3 Qa5 14. Qc4 b5 15. Qb3 Na6 16. O-O h6 17. Nf3 b4 18.
Qa4 Qxa4 19. Nxa4 Bb7 20. Rac1 Rac8 21. Rfd1 $16 {0-1 Illescas Cordoba,M (2591)
-Negi,P (2615)/Sestao 2010 (53)}) 11. Nxe2 Na6 {[%mdl 4] The first critical
position, most probably Black had it on the board before the game. The move of
the knight to a6 completes the first phase of Black's mobilisation. White
needs a bit more time in order to achieve the same level of coordination.} (
11... N8d7 12. Qh3 h6 13. Nf3 h5 14. e5 c5 15. e6 cxd4 16. exf7+ Rxf7 17. Ng5
Rf5 18. g4 Rxg5 19. Bxg5 Ne5 $15 {1-0 Gordon,S (2535)-Bok,B (2488)/Germany
2011 (28)}) (11... e5 12. Qh3 h6 13. Nf3 exd4 14. Bxh6 Re8 15. O-O-O c5 16. Ng5
Qd7 17. Qh4 f6 18. Bxg7 Qxg7 19. Nh3 Nc6 20. Rd3 g5 $17 {0-1 Navara,D (2706)
-Svidler,P (2741)/Prague 2012 (41)}) 12. Qh3 (12. Be3 Qd6 13. O-O Qb4 14. Qxb4
Nxb4 15. Rfc1 e5 16. Nf3 exd4 17. Bxd4 Rfe8 18. Bxg7 Kxg7 19. Ng3 Rad8 20. Ne1
Rd2 $15 {0-1 Aronian,L (2805)-Navara,D (2712)/Wijk aan Zee 2012 (60)}) 12... h6
13. Nf3 Qd7 (13... Nb4 14. O-O Nc2 15. Rb1 Qd7 16. Qxd7 Nxd7 17. Bd2 $14) 14.
Qh4 {Fressinet is not satisfied with the prospect of an exchange of queens
with equal chances. He would much prefer to try the logical attack on the
kingside.} (14. Qxd7 Nxd7 15. O-O c5 16. Be3 $11) 14... h5 (14... g5 15. Qh5 (
15. Bxg5 hxg5 16. Nxg5 Rfe8 17. O-O-O Qd6 $15) 15... Nb4 16. O-O Qe6 17. Ng3
$13) 15. h3 {White does not have any reason to expect that his immediate
attack against the black king should be successful. On the other hand it does
not mean, that the defender will be able to find the best ideas and get enough
counterplay.} (15. O-O c5 $11) 15... c5 16. g4 (16. Be3 Nc4 17. O-O Nxb2 18.
dxc5 Rac8 $15) 16... cxd4 (16... Nb4 17. O-O hxg4 (17... Nc2 18. gxh5 Nxa1 19.
hxg6 fxg6 20. Ng5 Rf6 21. Qh7+ Kf8 22. Nf4 $18) 18. Ng5 Rfe8 19. dxc5 $13) 17.
gxh5 d3 $2 {[%mdl 128] Both grandmasters deserve credit for the generous
approach to the fighting in very sharp position. Sutovsky makes a third
consecutive move with the same pawn, which inevitably leads to the neglecting
of chances to improve the pieces. It was much better to centralise the knight
with 17...Nc5 with roughly equal chances.} (17... Nc5 18. h6 $5 (18. Ng5 $2 Ne6
$17) (18. O-O Bf6 (18... gxh5 19. Nfxd4 Bxd4 20. Rd1 Qc6 (20... Bxf2+ 21. Kxf2
Qxd1 22. Qg5+ Kh7 23. Qxh5+ Kg8 24. Qg4+ Kh8 25. Qh4+ Kg8 26. Bh6 Qd6 27. Rg1+
$18) 21. Nxd4 Qxe4 22. Qxh5 Qg6+ $13) (18... Ne6 19. Nf4 d3 20. hxg6 fxg6 21.
Nxe6 Rxf3 22. Ng5 Rf6 23. b3 $14) 19. Bg5 Bxg5 20. Nxg5 e5 $15) 18... Bf6 19.
Bg5 Qd6 20. Nfxd4 $11) 18. hxg6 (18. Nf4 Bf6 19. Qg4 Nb4 $17) 18... fxg6 19.
Ng5 Rf6 20. Nf4 Qd6 21. Rg1 $2 {Rigidity in thinking is the enemy not only for
the chess grandmasters. Fressinet was aware of the relative success of his
kingside attack, the rook move to the semi-open file is trying to maximise the
pressure. He is thus missing the chance for castling and the transfer of his
own king to the safety, which would now give him a real advantage.} (21. O-O $1
Nc4 22. Rd1 Ne5 23. Bd2 $16) 21... Nc4 22. Nd5 Nb4 $1 {White has probably
underestimated the might of the counterplay of the black pieces. The material
imbalance does not play the key role at this point.} 23. Nxf6+ (23. Nxb4 d2+
24. Ke2 Qxb4 $19) 23... Qxf6 (23... exf6 24. Qh7+ Kf8 25. Ne6+ Qxe6 26. Rxg6
d2+ 27. Bxd2 Qxe4+ 28. Be3 Nc2+ 29. Kf1 N2xe3+ 30. Kg1 Qe7 31. Re1 Rd8 $17) 24.
Rg3 {Fressinet is consequent in his attack with transfer of the rook for the
blow along the 3rd rank. Black's counterplay will come in time and will be
rather impressive.} (24. Rb1 Rd8 25. Bd2 Nc2+ 26. Kd1 Nxd2 27. Kxd2 Nd4 $17)
24... d2+ 25. Bxd2 Nc2+ 26. Kd1 (26. Ke2 Nxd2 27. Rd3 Nxa1 28. Rxd2 Rc8 29. Qg4
Qc6 $17) 26... Rd8 $1 27. e5 {White is desperately trying to change the flow
of the game with an attacking move that weakens the pressure of the enemy
along the a1-h8 diagonal. At the moment when his own king is under the fire
ofthe concentrated black forces it looks bizarre.} (27. Qh7+ Kf8 28. Rf3 Rxd2+
29. Kc1 Qxf3 30. Ne6+ (30. Nxf3 Bxb2+ 31. Kb1 N2a3#) 30... Ke8 31. Qg8+ Kd7 32.
Nc5+ Kc7 $19) (27. Kxc2 Qxb2+ 28. Kd1 Qxd2#) 27... Rxd2+ 28. Kc1 Nd4 $1 (28...
Nxe5 29. Rc3 Qf5 30. Kxd2 Nxa1 $17) 29. Qxd4 (29. exf6 $2 Ne2+ 30. Kb1 Rxb2#)
29... Qc6 $1 {Even modern chess can be full of twists and sheer fantasy! White
is under pressure, since the threats vary between check on h1 to the fatal
opening of the long diagonal for the bishop.} (29... Rxd4 $2 30. exf6 Bxf6 31.
Rb1 $14) 30. Qxd2 (30. Qh4 Qh1+ $19) (30. Qe4 Bxe5 $1 31. Qxc6 (31. Rb1 Rxf2
32. Qxc6 Bf4+ 33. Kd1 Rd2+ 34. Ke1 Bxg3+ $19) 31... Bxb2+ 32. Kb1 bxc6 $19)
30... Nxd2+ 31. Kxd2 Bxe5 {The wild phase of the game is over and despite
nominal material equality White is lost against the attack of the enemy forces.
} 32. Rg4 Qd5+ (32... Qb6 33. Rag1 Qxb2+ 34. Ke3 Bc7 $19) 33. Ke2 (33. Kc2 Qb5
34. Re1 Qxb2+ $19) 33... Bxb2 34. Rag1 (34. Rd1 Qxa2 35. Kf1 Kg7 $19) 34...
Qxa2 {Sutovsky has managed to win two pawns, but the sorrows of white king are
not over yet.} 35. Ne4 Kf7 36. Ng5+ (36. Rxg6 Be5+ 37. Kf3 Qb3+ 38. Ke2 Qc4+
$19) 36... Ke8 37. Kf3 a5 {The passed pawn can not be sensibly stopped. The
prospect of its advance managed to convince Fressinet that this was the
perfect moment to capitulate.} 0-1